MARC details
| 000 -CABECERA |
| campo de control de longitud fija |
01585nam a2200301 a 4500 |
| 001 - NÚMERO DE CONTROL |
| campo de control |
000048111 |
| 005 - FECHA Y HORA DE LA ÚLTIMA TRANSACCIÓN |
| campo de control |
20240305132040.0 |
| 008 - DATOS DE LONGITUD FIJA--INFORMACIÓN GENERAL |
| campo de control de longitud fija |
181115s2016 dr a 000 0 spa d |
| 020 ## - NÚMERO INTERNACIONAL ESTÁNDAR DEL LIBRO |
| Número Internacional Estándar del Libro |
9789945879056 |
| 040 ## - FUENTE DE LA CATALOGACIÓN |
| Centro catalogador/agencia de origen |
DO-SdBNP |
| Lengua de catalogación |
spa |
| Centro/agencia transcriptor |
BNPHU |
| 082 ## - NÚMERO DE LA CLASIFICACIÓN DECIMAL DEWEY |
| Número de clasificación |
xxxx |
| Número de documento/Ítem |
xxxx |
| 245 00 - MENCIÓN DE TÍTULO |
| Título |
Empleo y mercado de trabajo en la República Dominicana (1991-2013) / |
| Mención de responsabilidad, etc. |
Jaime Aristy Escuder ... [et al.] ; introducción Ramonina Brea del Castillo ; edición; Brennedy Acevedo. |
| 260 ## - PUBLICACIÓN, DISTRIBUCIÓN, ETC. |
| Lugar de publicación, distribución, etc. |
Santo Domingo : |
| Nombre del editor, distribuidor, etc. |
Pontificia Universidad Católica Madre y Maestra, |
| -- |
Centro Universitario de Estudios Políticos y Sociales, CUEPS, |
| Fecha de publicación, distribución, etc. |
2016. |
| 300 ## - DESCRIPCIÓN FÍSICA |
| Extensión |
253 p. : |
| Otras características físicas |
il. ; |
| Dimensiones |
23 cm. |
| 490 1# - MENCIÓN DE SERIE |
| Mención de serie |
Ciudadanía y políticas públicas |
| 500 ## - NOTA GENERAL |
| Nota general |
Incluye referencias bibliográficas y notas al pie de las páginas |
| 504 ## - NOTA DE BIBLIOGRAFÍA, ETC. |
| Nota de bibliografía, etc. |
Bibliografía : p. 241-242 |
| 505 0# - NOTA DE CONTENIDO CON FORMATO |
| Nota de contenido con formato |
Medición de los indicadores del mercado laboral: una revisión crítica -- |
| Título |
Dinámica y tendencias del desempleo -- |
| -- |
Estructura productiva, empleo y productividad -- |
| -- |
La cuestión del empleo (desempleo) y la insuficiencia de la demanda (2000-2013) -- |
| -- |
La fuerza de trabajo haitiano: características, penetración y remuneración. |
| 590 ## - NOTA LOCAL (RLIN) |
| Nota local |
Inventariado, 2018/LP |
| 700 1# - PUNTO DE ACCESO ADICIONAL--NOMBRE DE PERSONA |
| Nombre de persona |
Aristy-Escuder, Jaime |
| 9 (RLIN) |
7043 |
| 700 1# - PUNTO DE ACCESO ADICIONAL--NOMBRE DE PERSONA |
| Nombre de persona |
Ceara-Hatton, Miguel |
| 9 (RLIN) |
1685 |
| 700 1# - PUNTO DE ACCESO ADICIONAL--NOMBRE DE PERSONA |
| Nombre de persona |
Francos Rodríguez, Martín |
| 9 (RLIN) |
75591 |
| 700 1# - PUNTO DE ACCESO ADICIONAL--NOMBRE DE PERSONA |
| Nombre de persona |
Lizardo, Jefrey, |
| 9 (RLIN) |
32047 |
| 700 1# - PUNTO DE ACCESO ADICIONAL--NOMBRE DE PERSONA |
| Nombre de persona |
Ramírez de León, Francisco |
| 9 (RLIN) |
75592 |
| 700 1# - PUNTO DE ACCESO ADICIONAL--NOMBRE DE PERSONA |
| Nombre de persona |
Brea, Ramonina |
| Término indicativo de función/relación |
introd. |
| 9 (RLIN) |
8319 |
| 700 1# - PUNTO DE ACCESO ADICIONAL--NOMBRE DE PERSONA |
| Nombre de persona |
Acevedo, Brennedy, |
| Término indicativo de función/relación |
ed. |
| 9 (RLIN) |
75593 |
| 830 #0 - PUNTO DE ACCESO ADICIONAL DE SERIE-TÍTULO UNIFORME |
| Título uniforme |
Ciudadanía y políticas públicas |
| 9 (RLIN) |
19938 |